| 000 | 00525ntaaa2200193 4500 | ||
|---|---|---|---|
| 003 | 01 | ||
| 005 | 20251027201125.0 | ||
| 008 | 0714s1973 ag 01 | ||
| 040 |
_aAR-BaBN _bspa _cAR-BaBN _eaacr _dRIC |
||
| 082 | _a215 H76 | ||
| 100 |
_aHooykaas, R. _98910 |
||
| 245 |
_aChristian faith and the freedom of science / _cR. Hooykaas |
||
| 250 | _a1 ed. | ||
| 260 |
_aLondon : _bThe Tyndale Press, _c1957 |
||
| 300 | _a24 p. | ||
| 500 | _aLa fe cristiana y la libertad de la ciencia | ||
| 650 | _aCiencia-Religión | ||
| 942 | _cBK | ||
| 999 |
_c5459 _d5459 |
||